Almanach aktuálne otázky svetovej ekonomiky a politiky

Guardado en:
Detalles Bibliográficos
Autor Corporativo: Ekonomická univerzita v Bratislave. Fakulta medzinárodných vzťahov
Formato: Seriadas
Lenguaje:eslovaco
Publicado: Bratislava Ekonóm
Materias:
Etiquetas: Agregar Etiqueta
Sin Etiquetas, Sea el primero en etiquetar este registro!

MARC

LEADER 00000nas1a2200000$$$4500
001 0053293
005 20231018084345.3
022 |a 1337-0715 
041 0 |a slo 
044 |a SK 
245 1 0 |a Almanach  |b aktuálne otázky svetovej ekonomiky a politiky 
264 1 |a Bratislava  |b Ekonóm 
500 |a Od roku 2009 vychádza časopis online 
610 2 0 |a vzťahy hospodárske medzinárodné 
610 2 0 |a hospodárstvo svetové 
610 2 0 |a politika svetová 
710 2 |a Ekonomická univerzita v Bratislave. Fakulta medzinárodných vzťahov